Lex Romana Visigothorum... / (Record no. 157678)
[ view plain ]
| 000 -LEADER | |
|---|---|
| campo de control de longitud fija | 00731nam a2200217 4500 |
| 001 - NÚMERO DE CONTROL | |
| campo de control | 157678 |
| 003 - IDENTIFICADOR DE NÚMERO DE CONTROL | |
| campo de control | ES-MaACL |
| 005 - FECHA Y HORA DE LA ÚLTIMA TRANSACCIÓN | |
| campo de control | 20230906210815.0 |
| 008 - DATOS DE LONGITUD FIJA--INFORMACIÓN GENERAL | |
| campo de control de longitud fija | 950410s1849 gw l |||| | lat d |
| 040 ## - FUENTE DE CATALOGACIÓN | |
| Centro catalogador/agencia de origen | EUS |
| Lengua de catalogación | spa |
| Centro/agencia transcriptor | EUS |
| 080 ## - NÚMERO DE LA CLASIFICACIÓN DECIMAL UNIVERSAL | |
| Número de la Clasificación Decimal Universal | 34(363.62)"506"(094) |
| 130 0# - ENTRADA PRINCIPAL--TÍTULO UNIFORME | |
| Título uniforme | Lex Romana Visigothorum. |
| 9 (RLIN) | 135329 |
| 245 10 - MENCIÓN DEL TÍTULO | |
| Título | Lex Romana Visigothorum... / |
| Mención de responsabilidad, etc. | instruxit Gustavus Haenel. |
| 250 ## - MENCION DE EDICION | |
| Mención de edición | Editio post Sicharum prima. |
| 260 ## - PUBLICACIÓN, DISTRIBUCIÓN, ETC. | |
| Lugar de publicación, distribución, etc. | Lipsiae : |
| Nombre del editor, distribuidor, etc. | Sumptibus et typis B. G. Teubneri, |
| Fecha de publicación, distribución, etc. | 1849. |
| 300 ## - DESCRIPCIÓN FÍSICA | |
| Extensión | CX, 468 p., [3] h. ; |
| Dimensiones | 36 cm. |
| 650 #4 - PUNTO DE ACCESO ADICIONAL DE MATERIA--TÉRMINO DE MATERIA | |
| Término de materia o nombre geográfico como elemento de entrada | Derecho romano- |
| Subdivisión de forma | Fuentes. |
| 9 (RLIN) | 139068 |
| 650 #4 - PUNTO DE ACCESO ADICIONAL DE MATERIA--TÉRMINO DE MATERIA | |
| Término de materia o nombre geográfico como elemento de entrada | Derecho visigodo- |
| Subdivisión de forma | Fuentes. |
| 9 (RLIN) | 139069 |
| 700 1# - ENTRADA AGREGADA--NOMBRE PERSONAL | |
| Nombre de persona | Haenel, Gustav Friedrich. |
| 9 (RLIN) | 139062 |
| 852 ## - LOCALIZACIÓN | |
| Ubicación | ES-MaACL |
| Número de control de estantería | B-475 |
| Nota libre | -- Enc. hol. |
| Estatus retirado | Estado de pérdida | Estado de daño | No para préstamo | Colección | Biblioteca de origen | Biblioteca actual | Ubicación en estantería | Fecha de adquisición | Fuente de adquisición | Total de préstamos | Signatura topográfica completa | Código de barras | Visto por última vez | Precio de reemplazo | Tipo de ítem Koha |
|---|---|---|---|---|---|---|---|---|---|---|---|---|---|---|---|
| Libros del s. XIX | Biblioteca del Ateneo de Madrid | Biblioteca del Ateneo de Madrid | Sala Pardo Bazán | 17/01/2008 | B-475 | 1165006 | 23/02/2023 | 23/02/2023 | Libro impreso antiguo |
